Java 2: AWT, swing, xml and java beans programming black book (Record no. 111025)

MARC details
000 -LEADER
fixed length control field 00395nam a2200145Ia 4500
008 - FIXED-LENGTH DATA ELEMENTS--GENERAL INFORMATION
fixed length control field 230917s9999||||xx |||||||||||||| ||und||
040 ## - CATALOGING SOURCE
-- 87019
Original cataloging agency VIVEKANANDA LIBRARY
041 ## - Language
-- English
082 ## - DDC NUMBER
Classification number 005.133 H749J
100 ## - MAIN ENTRY--PERSONAL NAME
Personal name Holzner, Steven
245 #0 - TITLE STATEMENT
Title Java 2: AWT, swing, xml and java beans programming black book
260 ## - PUBLICATION, DISTRIBUTION, ETC. (IMPRINT)
Place of publication, distribution, etc New Delhi
Name of publisher, distributor, etc Dreamtech
Date of publication, distribution, etc 2002
300 ## - PHYSICAL DESCRIPTION
Pages xxvii, 1154 p.
942 ## - ADDED ENTRY ELEMENTS (KOHA)
Koha item type Books
Holdings
Withdrawn status Lost status Damaged status Not for loan Location (home branch) Sublocation or collection (holding branch) Shelving location Date acquired Koha issues (times borrowed) Koha full call number Accession No. Koha date last seen Koha item type
        VIVEKANANDA LIBRARY VIVEKANANDA LIBRARY UIET Library 07/05/2004   005.133 H749J 198661 17/09/2023 Books
        VIVEKANANDA LIBRARY VIVEKANANDA LIBRARY UIET Library 07/05/2004   005.133 H749J 198662 17/09/2023 Books
        VIVEKANANDA LIBRARY VIVEKANANDA LIBRARY UIET Library 07/05/2004   005.133 H749J 198663 17/09/2023 Books
        VIVEKANANDA LIBRARY VIVEKANANDA LIBRARY   07/05/2004   005.133 H749J 198664 17/09/2023 Books
        VIVEKANANDA LIBRARY VIVEKANANDA LIBRARY UIET Library 07/05/2004 2 005.133 H749J 198665 12/06/2025 Books
        VIVEKANANDA LIBRARY VIVEKANANDA LIBRARY UIET Library 07/05/2004   005.133 H749J 203842 17/09/2023 Books
        VIVEKANANDA LIBRARY VIVEKANANDA LIBRARY UIET Library 07/05/2004   005.133 H749J 203843 17/09/2023 Books
        VIVEKANANDA LIBRARY VIVEKANANDA LIBRARY   07/05/2004   005.133 H749J 203844 17/09/2023 Books
        VIVEKANANDA LIBRARY VIVEKANANDA LIBRARY UIET Library 07/05/2004   005.133 H749J 203845 17/09/2023 Books
        VIVEKANANDA LIBRARY VIVEKANANDA LIBRARY   07/05/2004   005.133 H749J 203846 17/09/2023 Books
© Designed and Maintained by Vivekananda Library, MDU Rohtak